ESG agenda v bankovníctve na Slovensku bakalárska práca

Enregistré dans:
Détails bibliographiques
Auteur principal: Svitok, Roman
Collectivité auteur: Národohospodárska fakulta EU. Katedra bankovníctva a medzinárodných financií
Autres auteurs: Vateha, Marko Dávid, 1996-
Format: Livre
Langue:slovaque
Publié: Bratislava 2024
Tags: Ajouter un tag
Pas de tags, Soyez le premier à ajouter un tag!

MARC

LEADER 00000nbm a2200000 4500
001 0301740
005 20241024134425.5
041 0 |a slo 
044 |a SK 
245 1 0 |a ESG agenda v bankovníctve na Slovensku  |b bakalárska práca  |c Roman Svitok ; školiteľ: Marko Dávid Vateha 
264 1 |a Bratislava  |c 2024 
300 |a 47 s. 
100 1 |a Svitok, Roman 
700 1 |a Vateha, Marko Dávid, 1996- 
710 2 |a Národohospodárska fakulta EU. Katedra bankovníctva a medzinárodných financií